Вопросы совершенствования учебного процесса: научно-методический сборник; Вып. 1

מידע ביבליוגרפי
מחבר תאגידי: Ташкентский политехнический институт им. А. Б. Беруни
מחברים אחרים: Исамухамедов У. А. (редактор)
שפה:רוסית
יצא לאור: Ташкент, Укитувчи, 1960
נושאים:
פורמט: MixedMaterials ספר
KOHA link:https://koha.lib.tpu.ru/cgi-bin/koha/opac-detail.pl?biblionumber=342732

MARC

LEADER 00000nam0a2200000 4500
001 342732
005 20231102005501.0
035 |a (RuTPU)RU\TPU\book\371929 
090 |a 342732 
100 |a 20190322d1980 km y0rusy50 ca 
101 0 |a rus 
102 |a UZ 
105 |a a z 001zy 
200 1 |a Вопросы совершенствования учебного процесса  |e научно-методический сборник  |h Вып. 1  |f Ташкентский политехнический институт им. А. Б. Беруни ; под ред. У. А. Исамухамедова 
210 |a Ташкент  |c Укитувчи  |d 1960 
215 |a 106 с.  |c ил. 
320 |a Библиогр. в конце ст. 
606 1 |a Учебный процесс  |x Вузы  |2 stltpush  |3 (RuTPU)RU\TPU\subj\69286  |9 84209 
610 1 |a высшее образование 
610 1 |a преподавание 
610 1 |a обучение 
610 1 |a методика 
610 1 |a воспитание 
610 1 |a передовой опыт 
686 |a Ч481.2  |v LBC/SL-A  |2 rubbk 
702 1 |a Исамухамедов  |b У. А.  |4 340 
712 0 2 |a Ташкентский политехнический институт им. А. Б. Беруни  |2 stltpush  |3 (RuTPU)RU\TPU\col\6741  |9 24263 
801 1 |a RU  |b 63413507  |c 20190322 
801 2 |a RU  |b 63413507  |c 20210416  |g RCR 
942 |c BK